000 01141nam a2200325Ia 4500
001 33818
003 IT-RoPAU
008 130308s9999 xx 000 0 und d
040 _aIT-RoPAU
040 _cIT-RoPAU
041 _aITALIANO
100 _aAA.VV.
100 _gCodice Aut. SPICS: 12000
245 _aBasic-2-Enciclopedia dell'informatica, dei mini e personal computer
245 _bBasic-2-Enciclopedia dell'Informatica, dei mini e Personal Computer
250 _a1a ed.
260 _aROMA
260 _bCurcio
260 _c1985 [1° Ed.:1985 - Ed.Ling.Originale:1985]
300 _a"288 p. (prefazione: no ; testo: 288)"
500 _aImpostazione dei programmi Animazione al Computer Linguaggio di Programmazione Basic Modellistica al Computer Errori e Loro Diagnostica Turismatica Uomo e Macchina Funzioni nel Basic Computer e Automobile Intelligenza Artificiale Funzione di Immissione Dati
650 _aENCICLOPEDIE DI INFORMATICA
650 _eCodice materia Spics: 4201
700 _aSenni Sante
700 _gCodice Aut. SPICS: 29245
942 _cBK
957 _71
999 _c68087
_d68087
999 _bSI
999 _g1